Vademecum de la construcción: materiales, mezclas, instalaciones, cálculos, croquis, proyectos, etc

Na minha lista:
Detalhes bibliográficos
Autor principal: Bermejo Polo, Juan (Autor)
Formato: Livro
Idioma:espanhol
Publicado em: Madrid Dossat 2004
Edição:6a. ed
Assuntos:
Tags: Adicionar Tag
Sem tags, seja o primeiro a adicionar uma tag!

MARC

LEADER 00000nam a2200000 a 4500
001 UCI1458
003 CL-VaPUC
008 070629e20040000SP |||||||||||||||||spa|d
020 |a 8493302120 
082 0 4 |a 690.02  |b BER  |2 21 
100 0 |a Bermejo Polo, Juan  |e author  |9 521994 
245 1 0 |a Vademecum de la construcción: materiales, mezclas, instalaciones, cálculos, croquis, proyectos, etc 
250 |a 6a. ed 
300 |a 165 p 
942 |c BK 
945 |d 20070629 00:00:00  |a jtorresc 
260 |a Madrid  |b Dossat  |c 2004 
650 0 |a Construcción  |9 260195 
650 0 |a Materiales de construcción  |9 260197 
650 0 |a Metales   |9 260686 
650 0 |a Madera  |9 262357 
650 7 |a CARPINTEROS  |2 CL-VaPUC  |9 366826 
650 7 |a INSTALACIONES  |2 CL-VaPUC  |9 371694 
650 7 |a CROQUIS  |2 CL-VaPUC  |9 346938 
650 0 |a Proyectos  |9 337967 
583 |a last modification  |c 20070629 00:00:00  |k Rodrigo Vera 
999 |c 326277  |d 326275 
952 |0 0  |1 0  |4 0  |6 690_020000000000000_BER_2004  |7 0  |8 A  |9 408105  |a BIBING  |b BIBING  |d 2019-11-22  |i 4354184  |o 690.02 BER 2004  |p 4354184  |r 2023-03-02  |w 2019-11-22  |y BK  |k CCL